Громадянська освіта як складова освітньої системи в Канаді (Запис № 284266)

МАРК-запис
000 -LEADER
fixed length control field 01552nam a22001577a 4500
041 ## - LANGUAGE CODE
Language code of text/sound track or separate title ukr
080 ## - UNIVERSAL DECIMAL CLASSIFICATION NUMBER
Universal Decimal Classification number 09
090 ## - LOCALLY ASSIGNED LC-TYPE CALL NUMBER (OCLC); LOCAL CALL NUMBER (OCLC)
Local cutter number (OCLC) ; Book number/undivided call number, CALL (RLIN) СЕМ
100 ## - MAIN ENTRY--PERSONAL NAME
Personal name Семенака Н.С.
245 ## - TITLE STATEMENT
Title Громадянська освіта як складова освітньої системи в Канаді
260 ## - PUBLICATION, DISTRIBUTION, ETC. (IMPRINT)
Place of publication, distribution, etc Острог
Name of publisher, distributor, etc КАФ
Date of publication, distribution, etc 2010
300 ## - PHYSICAL DESCRIPTION
Extent 45
520 ## - SUMMARY, ETC.
Summary, etc ВСТУП<br/>РОЗДІЛ 1 ГРОМАДЯНСЬКА КУЛЬТУРА СУСПІЛЬСТВА<br/>1.1 Поняття громадянської культури.<br/>1.2 Складові елементи в структурі формування громадянської культури особи.<br/>1.3 Умови забезпечення процесу формування гродянської культури.<br/>РОЗДІЛ 2 ГРОМАДЯНСЬКА ОСВІТА СКЛАДОВА ОСВІТНЬОЇ СИСТЕМИ В КАНАДІ<br/>2.1 Історичні засади становлення громадянської освіти.<br/>2.2 Роль громадянської освіти як вимога сучасності.<br/>2.3 Основні засади громадянської освіти в Канаді та порівняння з Україною.<br/>2.4 Громадянська освітня система в Канаді як невідємна частина демократичного суспільства.<br/>ВИСНОВКИ
-- Громадянська культура та освіта суспільства,Канада
650 ## - SUBJECT ADDED ENTRY--TOPICAL TERM
Topical term or geographic name as entry element Research Papers
942 ## - ADDED ENTRY ELEMENTS (KOHA)
Koha item type Книги
Фонди
Withdrawn status Lost status Source of classification or shelving scheme Damaged status Not for loan Home library Current library Date acquired Source of acquisition Cost, normal purchase price Total Checkouts Full call number Barcode Date last seen Price effective from Koha item type
    Universal Decimal Classification     ВІЛ - Відділ іноземн. літератури НБ ВІЛ - Відділ іноземн. літератури НБ 16/04/2009 Акт №1 1.00   09 213756 20/12/2021 16/04/2009 Книги